| 000 | 00383nam a2200133Ia 4500 | ||
|---|---|---|---|
| 008 | 231129s1989||||xx |||||||||||||| ||spa|| | ||
| 040 | _bspa | ||
| 082 | _a320.51 B242c | ||
| 100 | _aBarco Virgilio | ||
| 245 | 0 | _aEl cambio social: Un compromiso con Colombia. Acciones y resultados de tres aƱos de gobierno | |
| 260 | _c1989 | ||
| 264 | _aBanco de la Republica | ||
| 942 |
_2ddc _cBKS |
||
| 999 |
_c10438 _d10438 |
||